Sports Quiz

Random Sports or Football Quiz

American Football Players by First Names Quiz Stats

 Plays Quiz Updated May 11, 2020

Support Sporcle.
Go Orange.
Score 0/24 Timer 05:00
20 Plays Today
% Correct
BRETT Favre
89.1%
AARON Rodgers
88.7%
PEYTON Manning
88.2%
DREW Brees
88.1%
ADRIAN Peterson
86.2%
JERRY Rice
86%
EMMITT Smith
85.7%
LAWRENCE Taylor
85%
TERRY Bradshaw
83.5%
LADAINIAN Tomlinson
83%
BARRY Sanders
83%
TROY Aikman
82.8%
% Correct
WALTER Payton
82.6%
THOMAS 'Tom' Brady
82.1%
DANIEL 'Dan' Marino
81.6%
JOSEPH 'Joe' Montana
77.9%
ERIC Dickerson
76.2%
REGINALD 'Reggie' White
74%
ROGER Staubach
74%
JOHN 'Johnny' Unitas
71.4%
JAMES 'Jim' Brown
70.2%
RICHARD 'Dick' Butkus
70.2%
DONALD 'Don' Hutson
65.2%
OTTO Graham
53.5%

You're not logged in!

Compare scores with friends on all Sporcle quizzes.
OR
Log In

From the Vault

Movie by Difficulty XV

by Larryholmes79

We watch our movies with eyes closed for super hard mode.
Remove Ads.
Support Sporcle.
Get the best of Sporcle when you Go Orange. This ad-free experience offers more features, more stats, and more fun while also helping to support Sporcle. Thank you for becoming a member.

Show Comments

Extras

Top Quizzes Today


Score Distribution

Your Account Isn't Verified!

In order to create a playlist on Sporcle, you need to verify the email address you used during registration. Go to your Sporcle Settings to finish the process.

Report this User

Report this user for behavior that violates our Community Guidelines.

Details: